Statistics for Banknotes of the Pound Sterling (£)

Click here to take the quiz!

General Stats

  • This quiz has been taken 16 times
  • The average score is 9 of 25

Answer Stats

Bank of Banknote (£) Person/Face % Correct
England10Charles Darwin
73%
England5Winston Churchill
73%
Clydesdale50Adam Smith
55%
England20Adam Smith
55%
England10Florence Nightingale
55%
England5Elizabeth Fry
45%
Clydesdale10Robert Burns
36%
Clydesdale5Robert Burns
36%
Clydesdale20King Robert the Bruce
36%
Clydesdale5Alexander Fleming
36%
Clydesdale20King Robert the Bruce
36%
England50Boulton and Watt
36%
England10Jane Austen
36%
England20William Shakespeare
36%
England10Charles Dickens
36%
England5George Stephenson
36%
England5The Duke of Wellington
27%
England20Edward Elgar
27%
England50Christopher Wren
27%
Clydesdale100Lord Kelvin
18%
England20Michael Faraday
18%
Clydesdale10Mary Slessor
18%
England50John Houblon
18%
Clydesdale100Charles Rennie Mackintosh
9%
Clydesdale50Elsie Inglis
9%

Score Distribution

Percentile by Number Answered

Percent of People with Each Score

Your Score History

You have not taken this quiz